Southville International School and Colleges
Your cart is empty.
  • Cart
  • Lists
    Public lists Eva Luna New books Lux_list list_1
    Your lists Log in to create your own lists
  • Log in to your account
  • Your cookies
  • Search history
Southville International School and Colleges
  • Advanced search
  • Recent comments
  • Most popular
  • Libraries

Log in to your account

Log in with GOOGLE


If you do not have an external account, but do have a local account, you can still log in:

  1. Home
  2. MARC view: Festival & special event management /
Normal view MARC view ISBD view

Festival & special event management / (Record no. 22365)

[ view plain ]
MARC details
000 -LEADER
fixed length control field 00962nam a2200289 a 4500
003 - CONTROL NUMBER IDENTIFIER
control field SISC
005 - DATE AND TIME OF LATEST TRANSACTION
control field 20160820092606.0
008 - FIXED-LENGTH DATA ELEMENTS--GENERAL INFORMATION
fixed length control field 121120s19uu xx 00 eng d
020 ## - INTERNATIONAL STANDARD BOOK NUMBER
International Standard Book Number 9781742164618
050 ## - LIBRARY OF CONGRESS CALL NUMBER
Classification number GT 4890
Item number .F47 2011
100 ## - MAIN ENTRY--PERSONAL NAME
Personal name Allen, Johnny.
245 ## - TITLE STATEMENT
Title Festival & special event management /
Statement of responsibility, etc Johnny Allen.
250 ## - EDITION STATEMENT
Edition statement 5th edition.
260 ## - PUBLICATION, DISTRIBUTION, ETC. (IMPRINT)
Place of publication, distribution, etc Milton, Qld :
Name of publisher, distributor, etc Wiley,
Date of publication, distribution, etc 2011.
300 ## - PHYSICAL DESCRIPTION
Extent xxi, 585 pages :
Other physical details ill. ;
Dimensions 25 cm.
440 ## - SERIES STATEMENT/ADDED ENTRY--TITLE
Title Wiley Australia tourism series
500 ## - GENERAL NOTE
General note Includes index.
520 ## - SUMMARY, ETC.
Summary, etc This textbook provides students with an introduction to the principles associated with planning, managing, and staging festivals and special events.
650 ## - SUBJECT ADDED ENTRY--TOPICAL TERM
Topical term or geographic name as entry element Festivals
General subdivision Management
650 ## - SUBJECT ADDED ENTRY--TOPICAL TERM
Topical term or geographic name as entry element Special events
General subdivision Management.
650 ## - SUBJECT ADDED ENTRY--TOPICAL TERM
Topical term or geographic name as entry element Culture and tourism
General subdivision Australia
700 ## - ADDED ENTRY--PERSONAL NAME
Personal name O'Toole, William
700 ## - ADDED ENTRY--PERSONAL NAME
Personal name Harris, Robert
700 ## - ADDED ENTRY--PERSONAL NAME
Personal name McDonnell, Ian
942 ## - ADDED ENTRY ELEMENTS (KOHA)
Koha item type Books
Source of classification or shelving scheme Library of Congress Classification
Call number prefix Foreign
Holdings
Withdrawn status Lost status Source of classification or shelving scheme Damaged status Home library Current library Shelving location Date acquired Source of acquisition Cost, normal purchase price Total Checkouts Full call number Barcode Date last seen Copy number Price effective from Koha item type
    Library of Congress Classification   College Library College Library General Circulation Section 11/20/2012 Donation 10916.00   GT 4890 .F47 2011 C16315 05/15/2018 1 10/10/2013 Books

Festival & special event management /

APA

Allen J., O'Toole W., Harris R. & McDonnell I. (2011). Festival & special event management. Milton, Qld: Wiley.

Chicago

Allen Johnny, O'Toole William, Harris Robert and McDonnell Ian. 2011. Festival & special event management. Milton, Qld: Wiley.

Harvard

Allen J., O'Toole W., Harris R. and McDonnell I. (2011). Festival & special event management. Milton, Qld: Wiley.

MLA

Allen Johnny, O'Toole William, Harris Robert and McDonnell Ian. Festival & special event management. Milton, Qld: Wiley. 2011.

  • Place hold
  • Print
  • Cite
  • Add to your cart (remove)
  • Save record
    BIBTEX Dublin Core MARCXML MARC (non-Unicode/MARC-8) MARC (Unicode/UTF-8) MARC (Unicode/UTF-8, Standard) MODS (XML) RIS
  • More searches
    Search for this title in:
    Other Libraries (WorldCat) Other Databases (Google Scholar) Online Stores (Bookfinder.com) Open Library (openlibrary.org)

Exporting to Dublin Core...

SOUTHVILLE LIBRARY

Southville International School and Colleges Library

1281 Tropical Ave. Cor. Luxembourg St., BF Homes International, Las Pinas City

Tel. No. 8256374 / 252358 Loc. 117/146

Powered by Koha